[Event "Arco op 42nd"]
[Site "Arco"]
[Date "2020.10.17"]
[Round "8.19"]
[White "Briata, Federico"]
[Black "Prelati, Maurizio"]
[Result "1/2-1/2"]
[WhiteElo "2090"]
[BlackElo "1900"]
[PlyCount "79"]
[EventDate "2020.10.10"]
[EventType "swiss"]
[EventRounds "9"]
[EventCountry "ITA"]
[SourceTitle "CBM 198 Extra"]
[Source "ChessBase"]
[SourceDate "2020.11.30"]
[SourceVersion "1"]
[SourceVersionDate "2020.11.30"]
[SourceQuality "1"]

1. e4 c5 2. Nf3 g6 3. d4 cxd4 4. Nxd4 Nc6 5. c4 Nf6 6. Nc3 d6 7. Be2 Nxd4 8. Qxd4 Bg7 9. Be3 0-0 10. Qd1 Be6 11. Rc1 a6 12. 0-0 Rc8 13. b3 b5 14. cxb5 axb5 15. Bxb5 Qa5 16. Qd3 Rxc3 17. Rxc3 Nxe4 18. Rcc1 Bf5 19. Qc4 Qxa2 20. g4 d5 21. Qa4 Qxa4 22. bxa4 Bxg4 23. f3 d4 24. Bf4 e5 25. fxg4 exf4 26. a5 Nd2 27. Bc6 Nxf1 28. Kxf1 d3 29. a6 Bd4 30. Rd1 Ba7 31. Rxd3 Rc8 32. Bf3 Rc7 33. h4 h6 34. Bb7 Rc2 35. Rd8+ Kg7 36. Rd7 f3 37. Bxf3 Rf2+ 38. Ke1 Rxf3 39. Rxa7 Ra3 40. Kf2 1/2-1/2

[Event "Robecchetto op-A 25th"]
[Site "Robecchetto"]
[Date "2014.12.29"]
[Round "5"]
[White "Pirrello, Christian"]
[Black "Briata, Federico"]
[Result "1/2-1/2"]
[WhiteElo "1862"]
[BlackElo "2041"]
[PlyCount "66"]
[EventDate "2014.12.26"]
[EventType "swiss"]
[EventRounds "6"]
[EventCountry "ITA"]
[SourceTitle "EXT 2017"]
[Source "ChessBase"]
[SourceDate "2016.10.25"]
[SourceVersion "1"]
[SourceVersionDate "2016.10.25"]
[SourceQuality "1"]

1. d4 Nf6 2. c4 e6 3. Nf3 d5 4. Nc3 c6 5. cxd5 exd5 6. Bg5 Nbd7 7. e3 Qa5 8. Qb3 Ne4 9. Bh4 Bb4 10. Rc1 Ndf6 11. Be2 Bg4 12. h3 Bh5 13. Bxf6 Nxf6 14. 0-0 0-0 15. Ne5 Bxc3 16. Bxh5 Bd2 17. Bxf7+ Rxf7 18. Nxf7 Rf8 19. Ne5 Bxc1 20. Rxc1 Ne4 21. Nf3 Rf7 22. a3 Nxf2 23. Ne5 Rf8 24. Rf1 Ne4 25. Rxf8+ Kxf8 26. Qxb7 Qe1+ 27. Kh2 Qg3+ 28. Kh1 Qe1+ 29. Kh2 Qg3+ 30. Kh1 Nf2+ 31. Kg1 Nxh3+ 32. Kh1 Nf2+ 33. Kg1 Nh3+ 1/2-1/2

[Event "Biella op"]
[Site "Biella"]
[Date "2014.09.28"]
[Round "4"]
[White "Briata, Federico"]
[Black "Macheda, Andrea"]
[Result "1-0"]
[WhiteElo "2110"]
[BlackElo "1976"]
[PlyCount "117"]
[EventDate "2014.09.26"]
[EventType "swiss"]
[EventRounds "5"]
[EventCountry "ITA"]
[SourceTitle "EXT 2016"]
[Source "ChessBase"]
[SourceDate "2015.10.08"]
[SourceVersion "1"]
[SourceVersionDate "2015.10.08"]
[SourceQuality "1"]

1. e4 c5 2. Nf3 e6 3. d4 cxd4 4. Nxd4 Nc6 5. Nc3 Qc7 6. Be2 a6 7. 0-0 Nf6 8. Be3 Bb4 9. Na4 0-0 10. Nxc6 bxc6 11. Nb6 Rb8 12. Nxc8 Rfxc8 13. Bxa6 Rd8 14. Bd3 Bd6 15. g3 Be5 16. c3 Rxb2 17. Qc1 Rdb8 18. f4 Ng4 19. fxe5 Rxh2 20. Rf2 Nxf2 21. Bxf2 Rh5 22. Qf4 Qxe5 23. a4 Qxf4 24. gxf4 Ra5 25. Be1 Rba8 26. Bc2 Rc5 27. Ra3 d5 28. Bf2 Rca5 29. exd5 exd5 30. Bb6 R5a6 31. Bc5 f6 32. Ra2 g6 33. Kg2 Ra5 34. Bb6 R5a6 35. Bc5 Ra5 36. Bb4 R5a7 37. Ra1 Kg7 38. Kf3 Re8 39. Bc5 Ra5 40. Bb6 Ra6 41. a5 Rb8 42. Rb1 c5 43. Bd3 c4 44. Bc2 Rba8 45. Rb5 Rb8 46. Ba4 h5 47. Bc7 Re8 48. Rxd5 Re1 49. Bb6 Ra1 50. Bc6 Ra3 51. Bb7 Rxc3+ 52. Ke2 Rb3 53. Rd6 h4 54. Bd5 Rb2+ 55. Kd1 Raxb6 56. axb6 Rb5 57. Kc1 h3 58. b7 h2 59. Bh1 1-0

[Event "Biella op"]
[Site "Biella"]
[Date "2014.09.27"]
[Round "3"]
[White "Contini, Gabriele"]
[Black "Briata, Federico"]
[Result "1-0"]
[WhiteElo "1997"]
[BlackElo "2110"]
[PlyCount "104"]
[EventDate "2014.09.26"]
[EventType "swiss"]
[EventRounds "5"]
[EventCountry "ITA"]
[SourceTitle "EXT 2016"]
[Source "ChessBase"]
[SourceDate "2015.10.08"]
[SourceVersion "1"]
[SourceVersionDate "2015.10.08"]
[SourceQuality "1"]

1. d4 Nf6 2. Bg5 Ne4 3. Bf4 c5 4. d5 Qb6 5. Nd2 Qxb2 6. Nxe4 Qb4+ 7. Qd2 Qxe4 8. e3 d6 9. Ne2 Qb4 10. Nc3 Qa5 11. Rb1 Nd7 12. Nb5 Qxd2+ 13. Kxd2 Kd8 14. c4 g6 15. Bg5 f6 16. Bh4 Bg7 17. a4 Nb8 18. Be2 Na6 19. g4 Bd7 20. f4 Nb4 21. Nc3 f5 22. Rhg1 Bxc3+ 23. Kxc3 Rf8 24. gxf5 Bxf5 25. Rb2 Be4 26. Bg4 b6 27. Rd2 a6 28. Ra1 Rb8 29. Bg5 Rh8 30. Bh4 h6 31. Be6 Rh7 32. Rg1 Ra8 33. Bh3 Kc7 34. Bg2 Bf5 35. Bf3 Rg7 36. Rdg2 Rag8 37. e4 Bd7 38. Bd1 b5 39. axb5 axb5 40. cxb5 Bxb5 41. Rg3 Be8 42. Bh5 Kd8 43. Kd2 Bf7 44. Bf3 Rf8 45. Ra1 Be8 46. Ra8+ Kc7 47. Ra7+ Kd8 48. Rg2 g5 49. f5 Bd7 50. Bg3 Rgf7 51. h4 Bc8 52. h5 e5 1-0

[Event "Topusko op 3rd"]
[Site "Topusko"]
[Date "2014.08.15"]
[Round "9"]
[White "Mirkovic, Stevan"]
[Black "Briata, Federico"]
[Result "1-0"]
[WhiteElo "2298"]
[BlackElo "2140"]
[PlyCount "89"]
[EventDate "2014.08.08"]
[EventType "swiss"]
[EventRounds "9"]
[EventCountry "CRO"]
[SourceTitle "CBM 162 Extra"]
[Source "ChessBase"]
[SourceDate "2014.10.17"]
[SourceVersion "1"]
[SourceVersionDate "2014.10.17"]
[SourceQuality "1"]

1. Nf3 c5 2. c4 Nf6 3. Nc3 d5 4. d4 cxd4 5. Nxd5 Nxd5 6. cxd5 Qxd5 7. Qxd4 Qxd4 8. Nxd4 a6 9. e4 e5 10. Nb3 Nc6 11. Bc4 Bb4+ 12. Ke2 Na5 13. Nxa5 Bxa5 14. Be3 Bd7 15. Rhd1 Bc6 16. Bd5 Rc8 17. Rac1 Bb4 18. Bxc6+ Rxc6 19. a3 Be7 20. Rxc6 bxc6 21. b4 f6 22. f3 Rf8 23. Bc5 Rf7 24. Bxe7 Rxe7 25. Rd3 a5 26. bxa5 Ra7 27. Kd2 Rxa5 28. Kc2 Ke7 29. Kb2 g6 30. Rd2 f5 31. Kb3 fxe4 32. fxe4 Ke6 33. a4 Ra8 34. Kb4 Rb8+ 35. Kc5 Ra8 36. Ra2 Ra6 37. a5 Kd7 38. Kb4 Ke6 39. Kc5 Kd7 40. g4 g5 41. Kb4 Ke6 42. Ra3 h6 43. Rh3 Kf7 44. Ka4 Kg6 45. Rb3 1-0

[Event "ITA-ch U16"]
[Site "Tarvisio"]
[Date "2014.07.05"]
[Round "9"]
[White "Gueci, Tea"]
[Black "Briata, Federico"]
[Result "0-1"]
[WhiteElo "2090"]
[BlackElo "1966"]
[PlyCount "86"]
[EventDate "2014.06.29"]
[EventType "swiss"]
[EventRounds "9"]
[EventCountry "ITA"]
[SourceTitle "EXT 2015"]
[Source "ChessBase"]
[SourceDate "2014.11.20"]
[SourceVersion "1"]
[SourceVersionDate "2014.11.20"]
[SourceQuality "1"]

1. e4 c5 2. Nf3 d6 3. d4 cxd4 4. Nxd4 Nf6 5. Nc3 a6 6. f3 e6 7. Be3 b5 8. Qd2 Nbd7 9. 0-0-0 Bb7 10. g4 Nb6 11. Qf2 Nfd7 12. Kb1 Rc8 13. Nce2 d5 14. exd5 Nxd5 15. Bc1 Bc5 16. Qg3 N7b6 17. Qe5 Qf6 18. Qxf6 Nxf6 19. Bg2 Nxg4 20. fxg4 Bxg2 21. Rhg1 Bb7 22. Ng3 0-0 23. Rgf1 Rfe8 24. Nf3 Rcd8 25. Ng5 Rxd1 26. Rxd1 Be7 27. Rf1 Rf8 28. N5e4 Bxe4 29. Nxe4 f5 30. Ng3 g6 31. Re1 Kf7 32. Ne2 e5 33. gxf5 gxf5 34. Ng3 Ke6 35. Nh5 Rg8 36. Bh6 Bf6 37. Nf4+ Kf7 38. Nd3 f4 39. Nxf4 exf4 40. Bxf4 Rg2 41. h3 Nc4 42. Bc1 Rh2 43. Rf1 Nd2+ 0-1

[Event "ITA-ch U16"]
[Site "Tarvisio"]
[Date "2014.07.01"]
[Round "4"]
[White "Gennari, Jacopo"]
[Black "Briata, Federico"]
[Result "0-1"]
[WhiteElo "1846"]
[BlackElo "1966"]
[PlyCount "100"]
[EventDate "2014.06.29"]
[EventType "swiss"]
[EventRounds "9"]
[EventCountry "ITA"]
[SourceTitle "EXT 2015"]
[Source "ChessBase"]
[SourceDate "2014.11.20"]
[SourceVersion "1"]
[SourceVersionDate "2014.11.20"]
[SourceQuality "1"]

1. d4 Nf6 2. c4 g6 3. f3 d5 4. cxd5 Nxd5 5. e4 Nb6 6. Nc3 Bg7 7. Be3 0-0 8. Qd2 e5 9. d5 c6 10. 0-0-0 cxd5 11. Bxb6 Qxb6 12. Nxd5 Qd8 13. Kb1 Nc6 14. Bc4 Be6 15. Ne2 Rc8 16. Ne3 Qxd2 17. Rxd2 Bh6 18. Bxe6 fxe6 19. Rd3 Rfd8 20. Rxd8+ Rxd8 21. Ng4 Bf8 22. Kc1 Bc5 23. Rd1 Rxd1+ 24. Kxd1 h5 25. Nf6+ Kf7 26. Nh7 Be7 27. h4 Bxh4 28. g3 Be7 29. f4 exf4 30. gxf4 e5 31. Ng5+ Bxg5 32. fxg5 Nd4 33. Ng1 Ke6 34. Kd2 Kd6 35. b4 h4 36. Kc3 Ne6 37. Nf3 h3 38. Kd3 Nxg5 39. Nh2 Nh7 40. Ng4 Nf6 41. Nf2 h2 42. Ke2 h1Q 43. Nxh1 Nxe4 44. Kf3 Kd5 45. a3 Kd4 46. a4 Kd3 47. a5 a6 48. Kg4 Ke3 49. Kh3 Kf3 50. Kh2 g5 0-1

[Event "Acqui Terme op 3rd"]
[Site "Acqui Terme"]
[Date "2014.??.??"]
[Round "8"]
[White "Cebalo, Miso"]
[Black "Briata, Federico"]
[Result "1-0"]
[WhiteElo "2426"]
[BlackElo "1971"]
[PlyCount "127"]
[EventDate "2014.07.06"]
[EventType "swiss"]
[EventRounds "9"]
[EventCountry "ITA"]
[SourceTitle "CBM 161 Extra"]
[Source "ChessBase"]
[SourceDate "2014.08.29"]
[SourceVersion "1"]
[SourceVersionDate "2014.08.29"]
[SourceQuality "1"]

1. d4 Nf6 2. Bg5 Ne4 3. Bf4 c5 4. d5 e6 5. f3 Nf6 6. e4 Qb6 7. Bc1 exd5 8. exd5 d6 9. Nc3 Be7 10. Bb5+ Bd7 11. a4 0-0 12. Nge2 a6 13. a5 Qc7 14. Bc4 Bf5 15. Ng3 Bg6 16. f4 h6 17. f5 Bh7 18. 0-0 Nbd7 19. Bf4 Rfe8 20. Qd2 Bf8 21. h3 Ne5 22. Be2 Nfd7 23. b3 c4 24. b4 b5 25. Be3 Be7 26. Nge4 Nf6 27. Bd4 Ned7 28. Ng3 Bf8 29. Rae1 Qb7 30. Bf3 Rxe1 31. Rxe1 Re8 32. Rxe8 Nxe8 33. Qe3 Nef6 34. Qf4 Qb8 35. Nge2 Qd8 36. g4 Ne8 37. Ng3 Qg5 38. Qxg5 hxg5 39. Nge4 Be7 40. Kf2 g6 41. f6 Ndxf6 42. Nxg5 Nd7 43. h4 Nc7 44. Ke3 Bxg5+ 45. hxg5 Kf8 46. Ne2 Ke7 47. Bc3 f6 48. Nd4 fxg5 49. Nc6+ Kf8 50. Kd4 Bg8 51. Be1 Nf6 52. Bg3 Nfe8 53. c3 Kf7 54. Be4 Kf8 55. Na7 Ke7 56. Bxg6 Nxd5 57. Nc8+ Kd8 58. Nxd6 Nxd6 59. Bxd6 Kd7 60. Be5 Be6 61. Be4 Ne7 62. Bf6 Bxg4 63. Bxg5 Nc8 64. Kc5 1-0

[Event "Recco op 6th"]
[Site "Recco"]
[Date "2012.10.26"]
[Round "1"]
[White "Astengo, Marcello"]
[Black "Briata, Federico"]
[Result "1-0"]
[WhiteElo "2075"]
[BlackElo "1852"]
[PlyCount "85"]
[EventDate "2012.10.26"]
[EventType "swiss"]
[EventRounds "5"]
[EventCountry "ITA"]
[SourceTitle "EXT 2014"]
[Source "ChessBase"]
[SourceDate "2013.11.20"]
[SourceVersion "1"]
[SourceVersionDate "2013.11.20"]
[SourceQuality "1"]

1. d4 Nf6 2. c4 g6 3. Nc3 d5 4. Bg5 Ne4 5. Bh4 Nxc3 6. bxc3 Bg7 7. e3 c5 8. Nf3 cxd4 9. cxd4 Nc6 10. cxd5 Qxd5 11. Qa4 0-0 12. Bc4 Qe4 13. 0-0 h6 14. Bg3 Bh3 15. Rad1 Bg4 16. d5 Ne5 17. Rd4 Bxf3 18. Rxe4 Bxe4 19. Bb3 Bd3 20. Rd1 Be2 21. Re1 Ba6 22. Rd1 Rac8 23. Qe4 f5 24. Qb1 Kh7 25. h3 Rc3 26. Kh2 Rfc8 27. d6 exd6 28. Be6 R8c6 29. e4 Rb6 30. Bb3 Bd3 31. Rxd3 Nxd3 32. exf5 gxf5 33. Qd1 Nc5 34. Bf7 Ne4 35. Bf4 Nf6 36. Bxd6 Ne4 37. Bf4 Rf6 38. Qd7 Ng5 39. Bd5 Rc2 40. h4 Ne4 41. Be5 Rxf2 42. h5 Nc5 43. Qe8 1-0